LDR 01358naa#a2200253#i#450# 001 EN\INFRA-M\bibl\120871 005 20260704181717.6 011 ## _a2500-0497 100 ## _a20260618b2026####ek#y0engy0150####ca 102 ## _aRU 200 1# _aPrinting as a factor of institutional transformations in Western Europe in XVI-XVII centuries _eJournal article 210 1# _aMoscow _cINFRA-M Academic Publishing LLC. _d2026 215 ## _a10 с. 606 ## _aИстория и археология. 46.00.00 _aЭкономика и управление. 38.00.00 _2local 608 ## _aJournal article _2local 675 ## _aГеография. Биография. История. 9 _aВсеобщая история. 94 _aЭкономика. Народное хозяйство. Экономические науки. 33 _z 686 ## _aИстория. Исторические науки. 63 _2bbk 686 ## _aЭкономика. Экономические науки. 65 _2bbk 686 ## _aИстория. Исторические науки. 71 _2tbk 686 ## _aОБЩЕСТВЕННЫЕ НАУКИ. ЭКОНОМИКА. ПРАВО.. 7 _2tbk 686 ## _aИСТОРИЯ. ИСТОРИЧЕСКИЕ НАУКИ. 03.00 _2grnti 686 ## _aЭКОНОМИКА И ЭКОНОМИЧЕСКИЕ НАУКИ. 06.00 _2grnti 700 #1 _aStepanenko _gRostislav Anatolyevich 856 4# _anaukaru.ru _u